| 000 | 00492cam a2200205 4500 | ||
|---|---|---|---|
| 001 | D846 | ||
| 008 | 090401t1982 xxu||||| |||| 00| 0 eng d | ||
| 035 | _a(Sirsi) u48424 | ||
| 041 | _aeng | ||
| 050 | _a346.410432 | ||
| 100 | _aAldridge, Trevor M. | ||
| 245 | _aBoundaries, walls and fences. | ||
| 250 | _a5th | ||
| 260 |
_aLondon _bOyez Longman _c1982 |
||
| 300 | _avii. 75p. 21cm | ||
| 350 | _a6.5 | ||
| 490 |
_aOyez Longman Practice Notes _v46 |
||
| 942 | _n0 | ||
| 948 | _c04/03/1997 | ||
| 999 |
_c92334 _d92334 |
||